| 000 | 00702nam a2200205 a 4500 | ||
|---|---|---|---|
| 005 | 20210223122316.0 | ||
| 008 | 991125s1968 mx 000 0 spa u | ||
| 035 | _aUPN01000033123 | ||
| 049 | _aCG | ||
| 050 | 4 |
_aGV721.5 _bA8.3 1968 |
|
| 100 | 1 |
_aAvila Garibay, José _928865 |
|
| 245 | 1 | 0 |
_aJornada olímpica 1968 : _bunidad de trabajo ilustrada para las escuelas primarias y secundarias conforme al método de jornadas / _cJosé Avila Garibay. |
| 250 | _a2a ed. | ||
| 260 |
_aMéxico : _bSNTE, _c1968. |
||
| 300 |
_a[68] p. : _bil. |
||
| 500 | _aDisponible en la Colección Medina | ||
| 650 | 4 |
_aJUEGOS OLIMPICOS - _xHISTORIA |
|
| 650 | 4 | _aJUEGOS OLIMPICOS, MEXICO (CIUDAD), 1968 | |
| 905 | _aLibro | ||
| 999 |
_c33123 _d33123 |
||